[Event "FICGS rapid SM 000007 email"]
[Site "FICGS email"]
[Date "2010.11.01"]
[Round "1"]
[White "Lemekhov, Yura"]
[Black "Nichols, Scott"]
[Result "0-1"]
[WhiteElo "2381"]
[BlackElo "2202"]
[PlyCount "28"]
[EventDate "2010.??.??"]
[EventType "tourn (rapid)"]
[EventRounds "6"]
[EventCategory "3"]
[SourceTitle "Corr 2013"]
[Source "ChessBase"]
[SourceDate "2012.11.12"]
[SourceVersion "1"]
[SourceVersionDate "2012.11.12"]
[SourceQuality "1"]

1. d4 Nf6 2. c4 e6 3. Nc3 Bb4 4. e3 0-0 5. Bd3 Bxc3+ 6. bxc3 d6 7. Ne2 Re8 8. 0-0 b6 9. e4 e5 10. f3 h6 11. Be3 Nc6 12. Ng3 Na5 13. Qe2 c5 14. d5 Nd7 0-1

[Event "FICGS rapid silver 000013 email"]
[Site "FICGS email"]
[Date "2010.01.28"]
[Round "2"]
[White "Lemekhov, Yura"]
[Black "Wosch, Arkadiusz Janusz"]
[Result "1-0"]
[WhiteElo "2328"]
[BlackElo "2145"]
[PlyCount "109"]
[EventDate "2010.??.??"]
[EventType "match (rapid)"]
[EventRounds "2"]
[SourceTitle "Corr 2013"]
[Source "ChessBase"]
[SourceDate "2012.11.12"]
[SourceVersion "1"]
[SourceVersionDate "2012.11.12"]
[SourceQuality "1"]

1. d4 Nf6 2. c4 e6 3. Nf3 d5 4. Nc3 c6 5. Bg5 h6 6. Bh4 dxc4 7. e4 g5 8. Bg3 b5 9. Be2 Bb7 10. h4 g4 11. Ne5 h5 12. 0-0 Nbd7 13. Qc2 Nxe5 14. Bxe5 Bg7 15. Rad1 0-0 16. Bg3 Nd7 17. f3 Qb6 18. Kh1 Rad8 19. fxg4 hxg4 20. Bd6 c5 21. Bxf8 Rxf8 22. d5 Nf6 23. Kg1 Qd6 24. Qc1 exd5 25. Qg5 d4 26. Nxb5 Qe6 27. Bxc4 Qxc4 28. Rxf6 Qe2 29. Nd6 Qxd1+ 30. Rf1 f6 31. Qg6 Qd2 32. Nxb7 Qh6 33. Qxh6 Bxh6 34. Nxc5 Rc8 35. Rf5 Bf8 36. Nd3 Rc2 37. Rf2 Rc6 38. Kf1 Re6 39. Rf5 Rxe4 40. Nf2 Re6 41. Nxg4 d3 42. Rd5 Rb6 43. b3 Rb4 44. Nf2 Rxh4 45. Nxd3 Re4 46. Kf2 Re7 47. Kf3 Bh6 48. Nf4 Kf7 49. g3 Rc7 50. Rd6 Bxf4 51. gxf4 a5 52. Ke4 Kg6 53. Rd5 a4 54. bxa4 Rc4+ 55. Rd4 1-0

[Event "FICGS rapid SM 000004 email"]
[Site "FICGS email"]
[Date "2010.01.27"]
[Round "1"]
[White "Nadanian, Ashot"]
[Black "Lemekhov, Yura"]
[Result "0-1"]
[WhiteElo "2433"]
[BlackElo "2328"]
[PlyCount "86"]
[EventDate "2010.??.??"]
[EventType "tourn (rapid)"]
[EventRounds "1"]
[SourceTitle "Corr 2013"]
[Source "ChessBase"]
[SourceDate "2012.11.12"]
[SourceVersion "1"]
[SourceVersionDate "2012.11.12"]
[SourceQuality "1"]

1. d4 Nf6 2. c4 e6 3. Nf3 b6 4. g3 Ba6 5. b3 Bb4+ 6. Bd2 Be7 7. Bg2 c6 8. Bc3 d5 9. Ne5 Nfd7 10. Nd3 dxc4 11. Nb4 cxb3 12. Nxa6 Nxa6 13. Qxb3 Rc8 14. 0-0 0-0 15. Rd1 Qc7 16. Na3 b5 17. Nc2 Nab8 18. Rac1 Qb6 19. a4 a5 20. Be1 b4 21. Ne3 Qa6 22. Nc4 Nb6 23. Ne5 Qxe2 24. Rd3 c5 25. Bf3 Qxe5 26. dxe5 c4 27. Qd1 cxd3 28. Rxc8 Rxc8 29. Be4 N8d7 30. Qxd3 Rc1 31. Bxh7+ Kh8 32. Qe3 Rxe1+ 33. Qxe1 Kxh7 34. Qe2 Nc5 35. Qb5 Nbxa4 36. Qe8 Bg5 37. h4 b3 38. hxg5 b2 39. g6+ Kxg6 40. Qb5 Kf5 41. f4 Ke4 42. Qe2+ Kd4 43. Qc2 Ke3 0-1

[Event "FICGS W-ch st2 g04 email"]
[Site "FICGS email"]
[Date "2009.11.03"]
[Round "1"]
[White "Lemekhov, Yura"]
[Black "Lehnhoff, Heinz Georg"]
[Result "1-0"]
[WhiteElo "2279"]
[BlackElo "2238"]
[PlyCount "81"]
[EventDate "2009.??.??"]
[EventType "tourn (corr)"]
[EventRounds "8"]
[SourceTitle "Corr 2022"]
[Source "ChessBase"]
[SourceDate "2021.10.24"]
[SourceVersion "1"]
[SourceVersionDate "2021.10.24"]
[SourceQuality "1"]

1. d4 Nf6 2. c4 e6 3. Nf3 b6 4. g3 Bb7 5. Bg2 Be7 6. 0-0 0-0 7. Nc3 Ne4 8. Qc2 Nxc3 9. Qxc3 c5 10. Rd1 d6 11. b3 Bf6 12. Bb2 Qe7 13. Qc2 Nc6 14. Rd2 Nb4 15. Qb1 Rac8 16. e4 e5 17. d5 g6 18. Bh3 Rb8 19. a3 Na6 20. b4 h5 21. Bc3 Kg7 22. Qd3 Rh8 23. Rb2 Ra8 24. b5 Nc7 25. a4 g5 26. Bf5 g4 27. Nd2 Ne6 28. f3 Nd4 29. fxg4 h4 30. gxh4 Nxf5 31. exf5 Rxh4 32. Qg3 Rah8 33. Ne4 Rh3 34. Qe1 Kf8 35. Rg2 Bg5 36. Bd2 Bf4 37. f6 Qd8 38. Bxf4 exf4 39. Qd2 f3 40. Rf2 Bc8 41. Qf4 1-0

[Event "FICGS class M 000031 email"]
[Site "FICGS email"]
[Date "2009.09.01"]
[Round "1"]
[White "Boehme, Sebastian"]
[Black "Lemekhov, Yura"]
[Result "1/2-1/2"]
[WhiteElo "2241"]
[BlackElo "2250"]
[PlyCount "95"]
[EventDate "2009.??.??"]
[EventType "tourn (corr)"]
[EventRounds "6"]
[SourceTitle "Corr 2022"]
[Source "ChessBase"]
[SourceDate "2021.10.24"]
[SourceVersion "1"]
[SourceVersionDate "2021.10.24"]
[SourceQuality "1"]

1. e4 c5 2. Nf3 d6 3. d4 cxd4 4. Nxd4 Nf6 5. Nc3 a6 6. Be3 e5 7. Nb3 Be6 8. f3 Be7 9. Qd2 0-0 10. 0-0-0 Nbd7 11. g4 b5 12. g5 b4 13. Ne2 Ne8 14. f4 a5 15. f5 Bxb3 16. cxb3 a4 17. bxa4 Rxa4 18. Kb1 Rxa2 19. Nc1 Ra8 20. Nb3 Qb8 21. Rg1 Bd8 22. Bc4 Nb6 23. Bxb6 Bxb6 24. Rg3 Qa7 25. Qxb4 Be3 26. g6 Kh8 27. gxf7 Nf6 28. Be6 Bf4 29. Rgd3 Ng4 30. Qxd6 Nf2 31. Qxf8+ Rxf8 32. Rd8 Qe7 33. Rxf8+ Qxf8 34. Nc5 Nxd1 35. Nd7 Qxf7 36. Bxf7 Bxh2 37. Kc2 Nf2 38. Nc5 Bf4 39. b4 Be3 40. Bd5 h5 41. Nd7 Ng4 42. Kd3 Bg1 43. Nf8 g5 44. Ne6 h4 45. Nxg5 Nf2+ 46. Kc4 Kg7 47. b5 Ng4 48. Nh3 1/2-1/2

[Event "FICGS class M 000031 email"]
[Site "FICGS email"]
[Date "2009.09.01"]
[Round "1"]
[White "Lemekhov, Yura"]
[Black "Kruse, Herbert"]
[Result "1/2-1/2"]
[WhiteElo "2250"]
[BlackElo "2295"]
[PlyCount "78"]
[EventDate "2009.??.??"]
[EventType "tourn (corr)"]
[EventRounds "6"]
[SourceTitle "Corr 2022"]
[Source "ChessBase"]
[SourceDate "2021.10.24"]
[SourceVersion "1"]
[SourceVersionDate "2021.10.24"]
[SourceQuality "1"]

1. d4 Nf6 2. c4 e6 3. Nc3 Bb4 4. e3 c5 5. Nge2 b6 6. a3 Ba5 7. Rb1 Na6 8. Bd2 0-0 9. Ng3 Bb7 10. Bd3 d5 11. cxd5 Nxd5 12. b4 Ndxb4 13. axb4 Nxb4 14. Be4 Bxe4 15. Ncxe4 f5 16. Qb3 fxe4 17. Qxe6+ Rf7 18. 0-0 Qd7 19. Qxd7 Rxd7 20. Nxe4 Re8 21. f3 h6 22. Bc3 Rc8 23. dxc5 bxc5 24. Rfd1 Rxd1+ 25. Rxd1 Nc6 26. Bxa5 Nxa5 27. Kf2 c4 28. Rd2 Kf8 29. Ke2 Nb3 30. Rc2 Ke7 31. Nd2 Nxd2 32. Kxd2 Kd6 33. Ra2 Rb8 34. Kc2 Rb3 35. e4 Re3 36. Rxa7 Re2+ 37. Kc3 Rxg2 38. Kxc4 Ke5 39. h4 Rf2 1/2-1/2

[Event "FICGS class M 000030 email"]
[Site "FICGS email"]
[Date "2009.07.27"]
[Round "1"]
[White "Bleker, Frits"]
[Black "Lemekhov, Yura"]
[Result "1/2-1/2"]
[WhiteElo "2204"]
[BlackElo "2234"]
[PlyCount "46"]
[EventDate "2009.??.??"]
[EventType "tourn (corr)"]
[EventRounds "6"]
[SourceTitle "Corr 2022"]
[Source "ChessBase"]
[SourceDate "2021.10.24"]
[SourceVersion "1"]
[SourceVersionDate "2021.10.24"]
[SourceQuality "1"]

1. d4 Nf6 2. c4 e6 3. Nf3 b6 4. g3 Ba6 5. b3 Bb4+ 6. Bd2 Be7 7. Bg2 c6 8. Bc3 d5 9. Ne5 Nfd7 10. Nxd7 Nxd7 11. Nd2 0-0 12. 0-0 f5 13. Rc1 Rc8 14. Bb2 Bd6 15. Rc2 Qe7 16. Qc1 Nf6 17. e3 Bb7 18. Rd1 Ne4 19. f4 Nxd2 20. Qxd2 a5 21. Bf3 Ra8 22. a4 Ba6 23. Kh1 Bb7 1/2-1/2

[Event "FICGS class M 000030 email"]
[Site "FICGS email"]
[Date "2009.07.27"]
[Round "1"]
[White "Lemekhov, Yura"]
[Black "Lehnhoff, Heinz Georg"]
[Result "1-0"]
[WhiteElo "2234"]
[BlackElo "2238"]
[PlyCount "99"]
[EventDate "2009.??.??"]
[EventType "tourn (corr)"]
[EventRounds "6"]
[SourceTitle "Corr 2022"]
[Source "ChessBase"]
[SourceDate "2021.10.24"]
[SourceVersion "1"]
[SourceVersionDate "2021.10.24"]
[SourceQuality "1"]

1. d4 Nf6 2. c4 e6 3. Nc3 Bb4 4. e3 b6 5. Nge2 Bb7 6. a3 Bd6 7. Ng3 h5 8. Qc2 h4 9. Nge4 Nxe4 10. Nxe4 Be7 11. Nc3 h3 12. Rg1 hxg2 13. Bxg2 Qc8 14. e4 Nc6 15. Be3 Rxh2 16. 0-0-0 d6 17. Bf4 Rh4 18. Bg3 Rh6 19. d5 exd5 20. Nxd5 Qd7 21. Bf4 g5 22. e5 0-0-0 23. exd6 cxd6 24. Be3 Kb8 25. Nxe7 Nxe7 26. Bxg5 Rg6 27. Bxb7 Qxb7 28. Rg3 Re6 29. Re3 Qd7 30. Red3 Qc6 31. Rd4 Qc5 32. Bf4 Ng6 33. Rd5 Qc6 34. Bg3 Ne7 35. R5d4 Kb7 36. Kb1 Qc5 37. b4 Qc6 38. Qd3 Qg2 39. c5 d5 40. Rf4 f5 41. Rh4 Rf8 42. Bd6 Re8 43. Qb5 Rd8 44. Rh7 Qe4+ 45. Ka1 Rexd6 46. cxd6 Rxd6 47. f4 Rd8 48. Qd3 Rd7 49. Qxe4 fxe4 50. Rg1 1-0

[Event "FICGS class M 000029 email"]
[Site "FICGS email"]
[Date "2009.07.01"]
[Round "1"]
[White "Lemekhov, Yura"]
[Black "Gonzalez, Bolivar"]
[Result "1-0"]
[WhiteElo "2234"]
[BlackElo "2258"]
[PlyCount "131"]
[EventDate "2009.??.??"]
[EventType "tourn (corr)"]
[EventRounds "6"]
[SourceTitle "Corr 2022"]
[Source "ChessBase"]
[SourceDate "2021.10.24"]
[SourceVersion "1"]
[SourceVersionDate "2021.10.24"]
[SourceQuality "1"]

1. d4 Nf6 2. c4 c5 3. d5 b5 4. cxb5 a6 5. bxa6 g6 6. Nc3 Bxa6 7. Nf3 d6 8. e4 Bxf1 9. Kxf1 Nbd7 10. g3 Bg7 11. Kg2 0-0 12. Re1 Ng4 13. Qe2 Nge5 14. Nd2 Nb6 15. a4 c4 16. a5 Nbd7 17. Nxc4 Nxc4 18. Qxc4 Rxa5 19. Bg5 Rc5 20. Qe2 Re8 21. Rec1 Ra5 22. Rab1 Qa8 23. b4 Ra6 24. Rc2 Rc8 25. Nd1 Rxc2 26. Qxc2 h6 27. Be3 Kh7 28. Rc1 Ne5 29. Qc8 Qxc8 30. Rxc8 Ra4 31. b5 Rb4 32. b6 Nd7 33. Rc7 Nxb6 34. Rxe7 Kg8 35. Re8+ Kh7 36. Bxb6 Rxb6 37. Rc8 Bd4 38. Rc4 Bc5 39. e5 Kg7 40. exd6 Bxd6 41. Rc6 Rxc6 42. dxc6 Kf6 43. Nc3 Ke7 44. Nb5 Bc5 45. g4 Kd8 46. Kg3 Ke7 47. h3 f6 48. f4 Kd8 49. f5 gxf5 50. gxf5 Bb4 51. Kg4 Bd2 52. Kh5 Bg5 53. h4 Be3 54. Kg6 Ke7 55. c7 Kd7 56. Kxf6 Bc5 57. Kg6 Bf8 58. f6 Kc8 59. f7 Kd7 60. Nd4 Be7 61. Ne6 h5 62. Kxh5 Kxe6 63. f8Q Bxf8 64. c8Q+ Kd5 65. Qxf8 Kc4 66. Kg5 1-0

[Event "FICGS W-ch final email"]
[Site "FICGS email"]
[Date "2009.03.15"]
[Round "1"]
[White "Gueci, Alberto"]
[Black "Lemekhov, Yura"]
[Result "1/2-1/2"]
[WhiteElo "2379"]
[BlackElo "2174"]
[PlyCount "86"]
[EventDate "2009.??.??"]
[EventType "tourn (corr)"]
[EventRounds "6"]
[EventCategory "5"]
[SourceTitle "Corr 2022"]
[Source "ChessBase"]
[SourceDate "2021.10.24"]
[SourceVersion "1"]
[SourceVersionDate "2021.10.24"]
[SourceQuality "1"]

1. e4 c5 2. Nf3 d6 3. d4 cxd4 4. Nxd4 Nf6 5. Nc3 a6 6. Be3 e5 7. Nb3 Be6 8. f3 Be7 9. Qd2 0-0 10. 0-0-0 Nbd7 11. g4 b5 12. g5 Nh5 13. Kb1 Nb6 14. Na5 Rc8 15. a3 g6 16. h4 Ng3 17. Rh2 Nxf1 18. Rxf1 Na4 19. Nxa4 bxa4 20. Rd1 Qd7 21. h5 Qb5 22. Qe1 Bd8 23. Qh4 Rxc2 24. Rxc2 Bxa5 25. Rxd6 Qb3 26. Rxe6 Qxe6 27. h6 Rd8 28. Qf2 Rd1+ 29. Bc1 Bd8 30. Qe2 Rg1 31. Qc4 Qxc4 32. Rxc4 Kf8 33. Kc2 a5 34. Rxa4 Rf1 35. Rc4 Rf2+ 36. Kd1 Rxf3 37. Rc5 f5 38. gxf6 Rxf6 39. Ke2 Rd6 40. Rxe5 a4 41. Be3 Kf7 42. Rb5 g5 43. Rb7+ Kg6 1/2-1/2

[Event "FICGS W-ch st1 g12 email"]
[Site "FICGS email"]
[Date "2009.02.03"]
[Round "1"]
[White "Nichols, Scott"]
[Black "Lemekhov, Yura"]
[Result "1/2-1/2"]
[WhiteElo "2001"]
[BlackElo "2166"]
[PlyCount "57"]
[EventDate "2009.??.??"]
[EventType "tourn (corr)"]
[EventRounds "8"]
[SourceTitle "Corr 2022"]
[Source "ChessBase"]
[SourceDate "2021.10.24"]
[SourceVersion "1"]
[SourceVersionDate "2021.10.24"]
[SourceQuality "1"]

1. e4 c5 2. d4 cxd4 3. Nf3 d6 4. Nxd4 Nf6 5. Nc3 a6 6. f4 e5 7. Nf3 Nbd7 8. a4 Be7 9. Bd3 0-0 10. 0-0 exf4 11. a5 b5 12. axb6 Qxb6+ 13. Kh1 Nc5 14. Qd2 Be6 15. Qxf4 Nxd3 16. cxd3 a5 17. Qg3 a4 18. Ng1 Qb4 19. Nge2 Kh8 20. Bg5 h6 21. Qh4 Kh7 22. d4 Bd8 23. e5 dxe5 24. Bxf6 Bxf6 25. Rxf6 gxf6 26. Ne4 f5 27. Nf6+ Kg7 28. Nh5+ Kh7 29. Nf6+ 1/2-1/2

[Event "FICGS rapid M 000015 email"]
[Site "FICGS email"]
[Date "2009.01.11"]
[Round "1"]
[White "Kuhne, Detlev"]
[Black "Lemekhov, Yura"]
[Result "1/2-1/2"]
[WhiteElo "2255"]
[BlackElo "2166"]
[PlyCount "67"]
[EventDate "2009.??.??"]
[EventType "tourn (rapid)"]
[EventRounds "6"]
[SourceTitle "Corr 2022"]
[Source "ChessBase"]
[SourceDate "2021.10.24"]
[SourceVersion "1"]
[SourceVersionDate "2021.10.24"]
[SourceQuality "1"]

1. d4 Nf6 2. c4 e6 3. Nf3 b6 4. g3 Ba6 5. b3 Bb4+ 6. Bd2 Be7 7. Bg2 c6 8. Bc3 d5 9. Nbd2 Nbd7 10. 0-0 0-0 11. Re1 c5 12. e4 dxe4 13. Nxe4 Nxe4 14. Rxe4 Bb7 15. Re3 Bf6 16. dxc5 Bxc3 17. Rxc3 Nxc5 18. b4 Ne4 19. Re3 Qc7 20. Nd4 Nd6 21. Bxb7 Nxb7 22. Qc2 Rfd8 23. Rd1 a6 24. Red3 h6 25. Nf3 Rxd3 26. Rxd3 a5 27. a3 Rc8 28. Rc3 Qe7 29. Qb1 axb4 30. axb4 Nd6 31. Ne5 Nf5 32. c5 bxc5 33. bxc5 Qa7 34. Qb4 1/2-1/2

[Event "FICGS rapid M 000015 email"]
[Site "FICGS email"]
[Date "2009.01.11"]
[Round "1"]
[White "Lemekhov, Yura"]
[Black "Bernal Varela, Nelson"]
[Result "1-0"]
[WhiteElo "2166"]
[BlackElo "2135"]
[PlyCount "137"]
[EventDate "2009.??.??"]
[EventType "tourn (rapid)"]
[EventRounds "6"]
[SourceTitle "Corr 2022"]
[Source "ChessBase"]
[SourceDate "2021.10.24"]
[SourceVersion "1"]
[SourceVersionDate "2021.10.24"]
[SourceQuality "1"]

1. d4 Nf6 2. c4 c5 3. d5 b5 4. cxb5 a6 5. bxa6 g6 6. Nc3 Bxa6 7. Nf3 Bg7 8. e4 Qa5 9. Bd2 0-0 10. Be2 Qb4 11. Bxa6 Nxa6 12. Qe2 Ng4 13. Nd1 Qb7 14. 0-0 Rfb8 15. Bc3 Nf6 16. a4 Nb4 17. Ne5 e6 18. dxe6 dxe6 19. f3 Nd7 20. Nc4 Bd4+ 21. Nf2 Qa6 22. Rfe1 Nc6 23. Kf1 Rb3 24. Nd2 Rxc3 25. Qxa6 Rxa6 26. bxc3 Bxc3 27. Rab1 Nb6 28. Red1 Nxa4 29. Nd3 Na5 30. Nb3 Nxb3 31. Rxb3 c4 32. Rb8+ Kg7 33. Nb4 Ra7 34. Rc1 Rc7 35. Rc2 Bd4 36. Na2 Kf6 37. Rb4 Nb6 38. Nc3 Bc5 39. Rb5 Bd4 40. Ra5 g5 41. g3 Kg6 42. Ra6 Rd7 43. Ke2 Rb7 44. Nb5 Be5 45. Ra7 Rb8 46. Ke3 c3 47. Nxc3 Rc8 48. Kd3 Rd8+ 49. Ke2 Rc8 50. Ra6 Nd7 51. Ra3 Bg7 52. Rc1 h5 53. Na2 Rb8 54. Rc2 h4 55. Nc1 hxg3 56. hxg3 Rh8 57. Ke3 Ne5 58. Rb3 Rh1 59. Rc7 Bf8 60. Rc8 Bg7 61. Nd3 Rf1 62. Nxe5+ Bxe5 63. Rb5 Bxg3 64. Rg8+ Kf6 65. Rgxg5 Bh2 66. Rg4 Re1+ 67. Kf2 Rd1 68. f4 Ra1 69. Rh5 1-0

[Event "FICGS W-ch st2 g04 email"]
[Site "FICGS email"]
[Date "2008.07.12"]
[Round "1"]
[White "Lemekhov, Yura"]
[Black "Schmid, Pablo"]
[Result "1/2-1/2"]
[WhiteElo "2042"]
[BlackElo "1964"]
[PlyCount "71"]
[EventDate "2008.??.??"]
[EventType "tourn (corr)"]
[EventRounds "8"]
[SourceTitle "Corr 2022"]
[Source "ChessBase"]
[SourceDate "2021.10.24"]
[SourceVersion "1"]
[SourceVersionDate "2021.10.24"]
[SourceQuality "1"]

1. d4 Nf6 2. c4 g6 3. Nc3 d5 4. cxd5 Nxd5 5. e4 Nxc3 6. bxc3 c5 7. Nf3 Bg7 8. Rb1 0-0 9. Be2 cxd4 10. cxd4 Qa5+ 11. Qd2 Qxd2+ 12. Bxd2 b6 13. 0-0 Bb7 14. d5 Ba6 15. Rfe1 Bxe2 16. Rxe2 Na6 17. Bg5 Rfe8 18. Rd1 Rac8 19. Nd4 h6 20. Be3 Nc5 21. f3 Na4 22. Rd3 e6 23. Nb5 exd5 24. Rxd5 a6 25. Nd6 Nc3 26. Kf2 Nxe2 27. Kxe2 Rc2+ 28. Kd1 Rc3 29. Nxe8 Rxe3 30. Rd8 Kh7 31. Rd7 Kg8 32. Nd6 Rd3+ 33. Kc2 Rc3+ 34. Kb1 Re3 35. Nxf7 Re2 36. e5 1/2-1/2

[Event "FICGS W-ch st2 g04 email"]
[Site "FICGS email"]
[Date "2008.07.12"]
[Round "1"]
[White "Taylor, William J"]
[Black "Lemekhov, Yura"]
[Result "1/2-1/2"]
[WhiteElo "2190"]
[BlackElo "2042"]
[PlyCount "41"]
[EventDate "2008.??.??"]
[EventType "tourn (corr)"]
[EventRounds "8"]
[SourceTitle "Corr 2022"]
[Source "ChessBase"]
[SourceDate "2021.10.24"]
[SourceVersion "1"]
[SourceVersionDate "2021.10.24"]
[SourceQuality "1"]

1. e4 c5 2. Nf3 d6 3. d4 cxd4 4. Nxd4 Nf6 5. Nc3 a6 6. Be3 e5 7. Nb3 Be6 8. f3 h5 9. Qd2 Be7 10. 0-0-0 Nbd7 11. Kb1 b5 12. a3 Qc7 13. Nd5 Bxd5 14. exd5 0-0 15. c4 bxc4 16. Na5 c3 17. Qxc3 Qxc3 18. bxc3 Bd8 19. Nc6 Bb6 20. Bg5 Bc5 21. a4 1/2-1/2

[Event "FICGS W-ch st1 g06 email"]
[Site "FICGS email"]
[Date "2008.07.08"]
[Round "1"]
[White "Haluschka, Rainer"]
[Black "Lemekhov, Yura"]
[Result "0-1"]
[WhiteElo "1824"]
[BlackElo "2042"]
[PlyCount "62"]
[EventDate "2008.??.??"]
[EventType "tourn (corr)"]
[EventRounds "8"]
[SourceTitle "Corr 2022"]
[Source "ChessBase"]
[SourceDate "2021.10.24"]
[SourceVersion "1"]
[SourceVersionDate "2021.10.24"]
[SourceQuality "1"]

1. d4 Nf6 2. Nf3 e6 3. c4 b6 4. Nc3 Bb7 5. g3 Bb4 6. Bd2 0-0 7. Bg2 Bxc3 8. Bxc3 Be4 9. 0-0 d5 10. c5 Nc6 11. b4 bxc5 12. dxc5 Rb8 13. Nd4 Ne7 14. f3 Bg6 15. f4 Ne4 16. Qc1 c6 17. a4 a6 18. Qa3 Qc8 19. Rfd1 Nxc3 20. Qxc3 Qb7 21. b5 cxb5 22. axb5 axb5 23. Qb4 Nc6 24. Nxc6 Qxc6 25. Bf1 Rfc8 26. Rdc1 f6 27. e3 Be8 28. Bd3 Ra8 29. Rab1 Qc7 30. f5 Ra4 31. Qd2 Rc4 0-1

[Event "FICGS W-ch st1 g06 email"]
[Site "FICGS email"]
[Date "2008.07.08"]
[Round "1"]
[White "Lemekhov, Yura"]
[Black "Cabrera Trujillo, Claudio Tomas"]
[Result "1-0"]
[WhiteElo "2042"]
[BlackElo "1340"]
[PlyCount "25"]
[EventDate "2008.??.??"]
[EventType "tourn (corr)"]
[EventRounds "8"]
[SourceTitle "Corr 2022"]
[Source "ChessBase"]
[SourceDate "2021.10.24"]
[SourceVersion "1"]
[SourceVersionDate "2021.10.24"]
[SourceQuality "1"]

1. d4 Nf6 2. c4 g6 3. Nc3 d5 4. cxd5 Nxd5 5. e4 Nxc3 6. bxc3 Bg7 7. Nf3 0-0 8. Be2 c5 9. Rb1 Nd7 10. 0-0 Qa5 11. a4 Qxc3 12. Bd2 Qa3 13. Qc2 1-0

[Event "FICGS W-ch st1 g06 email"]
[Site "FICGS email"]
[Date "2008.07.08"]
[Round "1"]
[White "Ruslin, Alexey"]
[Black "Lemekhov, Yura"]
[Result "0-1"]
[WhiteElo "1700"]
[BlackElo "2042"]
[PlyCount "94"]
[EventDate "2008.??.??"]
[EventType "tourn (corr)"]
[EventRounds "8"]
[SourceTitle "Corr 2022"]
[Source "ChessBase"]
[SourceDate "2021.10.24"]
[SourceVersion "1"]
[SourceVersionDate "2021.10.24"]
[SourceQuality "1"]

1. d4 Nf6 2. Nf3 e6 3. Bf4 d5 4. e3 c5 5. c3 Nc6 6. Nbd2 Bd6 7. Bxd6 Qxd6 8. Bd3 0-0 9. 0-0 e5 10. dxe5 Nxe5 11. Nxe5 Qxe5 12. Nf3 Qc7 13. Qc2 Bg4 14. Be2 Rad8 15. Rad1 a6 16. h3 Bh5 17. c4 dxc4 18. Qxc4 b5 19. Qc2 Bg6 20. Qc1 h6 21. Rxd8 Rxd8 22. Rd1 Rxd1+ 23. Qxd1 c4 24. Qd4 Qd7 25. Qxd7 Nxd7 26. Nd4 Nc5 27. Kf1 Kf8 28. Ke1 Ke7 29. f3 Bb1 30. a3 Bd3 31. Kd2 Bxe2 32. Nxe2 Kd6 33. Kc3 Na4+ 34. Kc2 h5 35. Nd4 g6 36. b3 Nb6 37. Kc3 cxb3 38. Kxb3 Kc5 39. Nc2 a5 40. Kc3 Nd5+ 41. Kb3 a4+ 42. Ka2 Kc4 43. Kb2 Kd3 44. Kc1 Nxe3 45. Nxe3 Kxe3 46. Kc2 h4 47. Kc3 Kf2 0-1

[Event "FICGS class A 000042 email"]
[Site "FICGS email"]
[Date "2008.05.30"]
[Round "1"]
[White "Gray, Garvin"]
[Black "Lemekhov, Yura"]
[Result "1/2-1/2"]
[WhiteElo "2050"]
[BlackElo "2025"]
[PlyCount "70"]
[EventDate "2008.??.??"]
[EventType "tourn (corr)"]
[EventRounds "6"]
[SourceTitle "Corr 2022"]
[Source "ChessBase"]
[SourceDate "2021.10.24"]
[SourceVersion "1"]
[SourceVersionDate "2021.10.24"]
[SourceQuality "1"]

1. d4 Nf6 2. c4 e6 3. Nc3 Bb4 4. e3 0-0 5. Nge2 d5 6. a3 Be7 7. cxd5 Nxd5 8. g3 c5 9. Bg2 Nxc3 10. bxc3 Qc7 11. 0-0 Nc6 12. Rb1 Rd8 13. Qc2 Rb8 14. e4 Bd7 15. Rd1 b5 16. Be3 h6 17. Bf1 a6 18. Bg2 Na5 19. Bf4 Bd6 20. e5 Bf8 21. d5 Nc4 22. d6 Qa7 23. Qc1 Rdc8 24. h4 a5 25. Ra1 a4 26. Qb1 Qa5 27. h5 b4 28. Qe4 Nxa3 29. Bc1 Bc6 30. Qg4 Bxg2 31. Kxg2 Qa8+ 32. Kg1 Nc2 33. Bxh6 Kh7 34. Bg5 Nxa1 35. h6 gxh6 1/2-1/2

[Event "FICGS class A 000042 email"]
[Site "FICGS email"]
[Date "2008.05.30"]
[Round "1"]
[White "Lemekhov, Yura"]
[Black "Vasquez, Fernando Jose Pinto"]
[Result "1-0"]
[WhiteElo "2025"]
[BlackElo "2029"]
[PlyCount "133"]
[EventDate "2008.??.??"]
[EventType "tourn (corr)"]
[EventRounds "6"]
[SourceTitle "Corr 2022"]
[Source "ChessBase"]
[SourceDate "2021.10.24"]
[SourceVersion "1"]
[SourceVersionDate "2021.10.24"]
[SourceQuality "1"]

1. d4 d5 2. c4 dxc4 3. e4 e5 4. Nf3 exd4 5. Bxc4 Nc6 6. 0-0 Be6 7. Bxe6 fxe6 8. Qb3 Qd7 9. Ng5 0-0-0 10. Nxe6 Re8 11. Nxf8 Rxf8 12. Rd1 h5 13. Nc3 h4 14. h3 Qf7 15. Qxf7 Rxf7 16. Ne2 Rd7 17. Rb1 Nf6 18. f3 a5 19. Bg5 Rh5 20. Bd2 Rc5 21. Rbc1 Rb5 22. b3 a4 23. b4 a3 24. Rb1 Ne5 25. Rb3 b6 26. Rxa3 d3 27. Nf4 g5 28. Ne6 Nc4 29. Ra8+ Kb7 30. Rf8 Nxd2 31. Rxd2 Nh7 32. Rd8 Re7 33. Rd5 Rxb4 34. Nd8+ Kc8 35. R5xd3 Rb1+ 36. Kh2 Rc1 37. Rd5 Rc5 38. Rxc5 bxc5 39. Nc6 Re6 40. Rd8+ Kb7 41. Na5+ Kb6 42. Ra8 Nf6 43. a4 Nd7 44. Nc4+ Kb7 45. Rg8 Ne5 46. Ne3 c4 47. Rxg5 c6 48. f4 Nd3 49. Nxc4 Nxf4 50. Rg4 Ng6 51. Kg1 Rf6 52. Rg5 Nf4 53. Rf5 Ne2+ 54. Kh2 Re6 55. Rf7+ Kb8 56. e5 c5 57. a5 Nd4 58. g4 hxg3+ 59. Kxg3 Nc6 60. Rf6 Nd4 61. Rxe6 Nxe6 62. h4 Kc7 63. h5 Ng5 64. h6 Kc8 65. Kg4 Nh7 66. Kf5 Kb7 67. e6 1-0